00274nam a2200097 a 450000500170000000800410001705000170005810000250007524500660010026000100016620141022141959.0120229s19uu xx 00 eng d aCDbY58 2007 aTewdall, David Lewis aPractical art of motion picture sound /cDavid Lewis Yewdall. c2007.